| 000 | 00356nam a2200145Ia 4500 | ||
|---|---|---|---|
| 008 | 191201s2002 xx 000 0 und d | ||
| 082 |
_a620.112 _bPRT |
||
| 100 | _aPRASAD, I B | ||
| 245 | 2 | _aA Text Book of Strength of Materials | |
| 250 | _a1st | ||
| 260 |
_aN.Delhi _bKhanna Publisher _c2002 |
||
| 300 | _a1130 | ||
| 650 | _aB.Tech(ME) | ||
| 942 |
_2ddc _cBK |
||
| 999 |
_c1399 _d1399 |
||